[Event "Rubinstein Memorial-C 55th"]
[Site "Polanica Zdroj"]
[Date "2019.08.17"]
[Round "1"]
[White "Karalchuk, Alieksej"]
[Black "Borowski, Przemyslaw"]
[Result "1-0"]
[WhiteElo "1443"]
[BlackElo "1805"]
[PlyCount "139"]
[EventDate "2019.08.17"]
[EventType "swiss"]
[EventRounds "9"]
[EventCountry "POL"]
[SourceTitle "EXT 2020"]
[Source "ChessBase"]
[SourceDate "2019.10.17"]
[SourceVersion "1"]
[SourceVersionDate "2019.10.17"]
[SourceQuality "1"]

1. d4 Nf6 2. Bf4 g6 3. Nf3 Bg7 4. Nbd2 d6 5. h3 Nbd7 6. e3 0-0 7. Be2 c5 8. c4 Qb6 9. Rb1 Nh5 10. Bh2 cxd4 11. exd4 e5 12. dxe5 dxe5 13. 0-0 f5 14. Nb3 f4 15. Qd5+ Kh8 16. Ng5 Qf6 17. Ne4 Qe7 18. Bxh5 gxh5 19. Nbd2 Nb6 20. Qd3 Bf5 21. b3 Rad8 22. Qe2 Rd4 23. f3 Rfd8 24. Rbc1 Nd7 25. Kh1 Nf6 26. Bg1 Rxd2 27. Nxd2 Bd3 28. Qf2 Bxf1 29. Rxf1 h4 30. Qe2 Nh5 31. Bf2 Ng3+ 32. Bxg3 hxg3 33. Ne4 Qd7 34. Rc1 Qd4 35. Qe1 Bf8 36. Qg1 Qb2 37. Ra1 b6 38. Rd1 Rd4 39. Ng5 Rxd1 40. Qxd1 Qd4 41. Qxd4 exd4 42. Kg1 Bc5 43. Kf1 d3 44. Ke1 Be3 45. Nf7+ Kg7 46. Ne5 d2+ 47. Ke2 Kf6 48. Nd3 Ke6 49. b4 Kd6 50. a3 b5 51. c5+ Kd5 52. Kd1 a6 53. Kc2 Kc6 54. Ne5+ Kd5 55. Ng4 Bd4 56. Kxd2 Bb2 57. Kc2 Bxa3 58. Kb3 Bc1 59. Nf6+ Ke6 60. Nxh7 Be3 61. Kc3 Kd5 62. h4 a5 63. bxa5 Kxc5 64. h5 Bd4+ 65. Kb3 Bg7 66. Ng5 Kd5 67. Kb4 Kc6 68. Nf7 Bf8+ 69. Kb3 Kd7 70. h6 1-0

[Event "Bohumin op 2nd"]
[Site "Bohumin"]
[Date "2019.06.26"]
[Round "5"]
[White "Karalchuk, Alieksej"]
[Black "Pekarek, Ales1111"]
[Result "1/2-1/2"]
[WhiteElo "1442"]
[BlackElo "1870"]
[PlyCount "72"]
[EventDate "2019.06.22"]
[EventType "swiss"]
[EventRounds "9"]
[EventCountry "CZE"]
[SourceTitle "CBM 191 Extra"]
[Source "ChessBase"]
[SourceDate "2019.09.30"]
[SourceVersion "1"]
[SourceVersionDate "2019.09.30"]
[SourceQuality "1"]

1. d4 d6 2. Nf3 Bg4 3. Bf4 g6 4. e3 Bg7 5. Be2 e6 6. 0-0 Ne7 7. c4 Nd7 8. Nc3 0-0 9. h3 Bxf3 10. Bxf3 e5 11. Bg3 c6 12. d5 Nb6 13. b3 Nf5 14. Bh2 e4 15. Nxe4 Bxa1 16. Qxa1 f6 17. dxc6 bxc6 18. Nxd6 Qd7 19. Bg4 h5 20. Bxf5 gxf5 21. Qd1 Nc8 22. c5 Nxd6 23. Bxd6 Rf7 24. Qxh5 Rg7 25. Rd1 Qe6 26. Rd4 Re8 27. Rh4 a6 28. Qh8+ Kf7 29. Qh5+ Kg8 30. b4 Rc8 31. a4 Qd5 32. Kf1 Qd3+ 33. Ke1 Qc3+ 34. Ke2 Qc2+ 35. Kf3 Qd1+ 36. Kf4 Qc2 1/2-1/2